000 00292nam a22001217a 4500
082 _a823
_bBLY/S
100 _aBLYTON ENID
245 _aS.S - SECRET SEVEN ON TRAIL - 4
260 _aUNITED KINGDOM
_bGREEN KNIGHT
_c1999
300 _a128
650 _aENGLISH STORY
_zUNITED KINGDOM
942 _cBK
999 _c7248
_d7248